000 00599nam a22001817a 4500
003 OSt
005 20110516173500.0
008 110515t xxu||||| |||| 00| 0 eng d
020 _a0406036837
040 _aLDC
082 _a031
245 _aAtkin's encyclopaedia of court forms in civil proceedings : Restrictive Covenant, Revenue, Royal Forces, Sale of Land Vol.34 (1) /
250 _a2nd :-
260 _aLondon:
_bButterworths,
_c1994
300 _av;
942 _2ddc
_cREF
999 _c2048
_d2048